000 00991nam a2200253Ia 4500
001 19845
003 GE_BSU
008 181216s||||||||xx |||||||||||||| ||und||
040 _cGE_BSU
080 _a016:001
100 _aკირპიჩევა,ი.
245 _aბიბლიოგრაფია მეცნიერული მუშაობის დასახმერებლად
245 _bმეთოდ. და საცნობო სახელმძღვ.
245 _cქართ. თარგმ. ო. გვილავამ
260 _aთბილისი
260 _bმეცნიერება
260 _c1970
300 _a115გვ. 21სმ.
541 _h4ლ.85თ.
653 _aბიბლიოგრაფია მეცნიერული მუშაობის დასახმერებლად
653 _aბიბლიოთეკარი
653 _aქსეროქსი
942 _cBK
999 _c52815
_d52815